| 000 | 00812nam a22002177a 4500 | ||
|---|---|---|---|
| 005 | 20140909111453.0 | ||
| 010 | _aENG-110785 | ||
| 020 |
_a9788175416185 _c595.00 |
||
| 035 | _aEN-94317 | ||
| 037 | _bDBAD/PUB | ||
| 082 | _a320.9581 | ||
| 100 | _aSudhir Kumar Singh | ||
| 245 |
_aPakhtunistan : _cby Sudhir Kumar Singh _ba factor between Pakistan and Afghanistan / |
||
| 260 |
_aKolkata _bMaulana Abul Kalam Azad Institute of Asian Studies |
||
| 260 |
_aDelhi _bShipra Publications _c2013 |
||
| 270 |
_aLG, 18-19, Pankaj Central Market, I.P. Ext., Patparganj _bDelhi _e110092 |
||
| 300 |
_ax,204p. _c22cm(Hb) |
||
| 500 | _aIncludes bibliographical references and index | ||
| 710 | _aMaulana Abul Kalam Azad Institute of Asian Studies (Calcutta, India) | ||
| 942 |
_2ddc _cEN _h320.9581 _mSUD |
||
| 999 |
_c88363 _d88363 |
||